[Event "Roncana op-B 12th"]
[Site "Santa Eulalia de Roncana"]
[Date "2018.11.17"]
[Round "7"]
[White "Martinez Medina, Jose Juan"]
[Black "Vacas Arno, Gabriel"]
[Result "0-1"]
[WhiteElo "1523"]
[BlackElo "1509"]
[PlyCount "62"]
[EventDate "2018.09.29"]
[EventType "swiss"]
[EventRounds "8"]
[EventCountry "ESP"]
[SourceTitle "EXT 2022"]
[Source "ChessBase"]
[SourceDate "2021.10.06"]
[SourceVersion "1"]
[SourceVersionDate "2021.10.06"]
[SourceQuality "1"]

1. Nf3 Nf6 2. c4 d6 3. Nc3 g6 4. g3 Nbd7 5. Bg2 Bg7 6. 0-0 0-0 7. Rb1 c5 8. d3 Rb8 9. a3 b6 10. Qc2 Bb7 11. b4 Re8 12. b5 e6 13. Bf4 e5 14. Bd2 e4 15. Ne1 exd3 16. exd3 Bxg2 17. Nxg2 Ne5 18. f3 Rb7 19. Nf4 Rd7 20. Nfd5 Nxd5 21. Nxd5 Rb7 22. Rbe1 Nd7 23. Rxe8+ Qxe8 24. Re1 Qd8 25. Ne7+ Kf8 26. f4 Ne5 27. fxe5 Qxe7 28. exd6 Bd4+ 29. Kg2 Qxd6 30. Bh6+ Bg7 31. Qe2 Bxh6 0-1

[Event "Roncana op-B 12th"]
[Site "Santa Eulalia de Roncana"]
[Date "2018.11.03"]
[Round "5"]
[White "Flores Munoz, Daniel"]
[Black "Vacas Arno, Gabriel"]
[Result "0-1"]
[WhiteElo "1565"]
[BlackElo "1509"]
[PlyCount "97"]
[EventDate "2018.09.29"]
[EventType "swiss"]
[EventRounds "8"]
[EventCountry "ESP"]
[SourceTitle "EXT 2022"]
[Source "ChessBase"]
[SourceDate "2021.10.06"]
[SourceVersion "1"]
[SourceVersionDate "2021.10.06"]
[SourceQuality "1"]

1. d4 Nf6 2. Nd2 d6 3. e4 Nbd7 4. f4 e5 5. fxe5 dxe5 6. dxe5 Nxe5 7. Ngf3 Bd6 8. Nxe5 Bxe5 9. Bd3 Ng4 10. Nf3 Qd6 11. Bb5+ c6 12. Qxd6 Bxd6 13. Bd3 0-0 14. 0-0 Bc5+ 15. Kh1 Nf2+ 16. Rxf2 Bxf2 17. Bf4 Bc5 18. Re1 h6 19. a3 a5 20. Bd2 a4 21. Bc3 Be6 22. h3 Rfd8 23. Ne5 Bd4 24. Bxd4 Rxd4 25. Nf3 Rd7 26. Ne5 Rdd8 27. Rf1 Ra5 28. Nf3 c5 29. Ne5 f6 30. Nc4 Bxc4 31. Bxc4+ Kh8 32. Bd5 b5 33. c3 Rb8 34. Rc1 c4 35. Re1 Ra7 36. g4 Re7 37. Kg2 Re5 38. Rf1 Rd8 39. Rf4 Rdxd5 40. exd5 Rxd5 41. Rf2 Rd3 42. Rf3 Rd2+ 43. Rf2 Rxf2+ 44. Kxf2 Kh7 45. Ke3 Kg6 46. Kd4 f5 47. Ke5 fxg4 48. hxg4 h5 49. g5 0-1

[Event "Roncana op-B 12th"]
[Site "Santa Eulalia de Roncana"]
[Date "2018.10.27"]
[Round "4"]
[White "Vacas Arno, Gabriel"]
[Black "Rodoreda Pares, Marc"]
[Result "1-0"]
[WhiteElo "1509"]
[BlackElo "1463"]
[PlyCount "53"]
[EventDate "2018.09.29"]
[EventType "swiss"]
[EventRounds "8"]
[EventCountry "ESP"]
[SourceTitle "EXT 2020"]
[Source "ChessBase"]
[SourceDate "2019.10.17"]
[SourceVersion "1"]
[SourceVersionDate "2019.10.17"]
[SourceQuality "1"]

1. Nf3 Nf6 2. d3 e6 3. g3 d5 4. Bg2 Be7 5. Nbd2 0-0 6. 0-0 c5 7. e4 Nc6 8. b3 b6 9. Bb2 Bb7 10. Ne5 Bd6 11. Nxc6 Bxc6 12. e5 Be7 13. exf6 Bxf6 14. Bxf6 Qxf6 15. c4 Rfe8 16. Rc1 Rad8 17. Rc2 Qg6 18. Qe2 f5 19. Re1 Bb7 20. Qe5 Qf7 21. Nf3 h6 22. h4 dxc4 23. dxc4 Rd3 24. Rc3 Rd7 25. Rce3 Qg6 26. Qc3 Rf7 27. Ne5 1-0

[Event "Llinars del Valles op-B 8th"]
[Site "Llinars del Valles"]
[Date "2014.04.26"]
[Round "1"]
[White "Bonals Roca, Anna"]
[Black "Vacas Arno, Gabriel"]
[Result "0-1"]
[WhiteElo "1700"]
[BlackElo "1872"]
[PlyCount "72"]
[EventDate "2014.04.26"]
[EventType "swiss"]
[EventRounds "8"]
[EventCountry "ESP"]
[SourceTitle "EXT 2015"]
[Source "ChessBase"]
[SourceDate "2014.11.20"]
[SourceVersion "1"]
[SourceVersionDate "2014.11.20"]
[SourceQuality "1"]

1. e4 e6 2. Nf3 d5 3. Ne5 Bd6 4. Bb5+ c6 5. Nxf7 Kxf7 6. Qf3+ Qf6 7. Qe2 cxb5 8. 0-0 Bd7 9. d3 Nc6 10. c3 Qh4 11. Qf3+ Nf6 12. e5 Bxe5 13. Re1 Qxh2+ 14. Kf1 Qh1+ 15. Ke2 Qh5 16. Nd2 Qxf3+ 17. Nxf3 Rhf8 18. Ng5+ Kg8 19. Kd2 Bf4+ 20. Kc2 Bxg5 21. Bxg5 b4 22. Bd2 Rac8 23. Rac1 bxc3 24. Bxc3 Nb4+ 25. Kb3 Nxd3 26. Bd2 Nxc1+ 27. Bxc1 Ne4 28. Be3 Nc5+ 29. Kc2 Ne4+ 30. Kd3 Nxf2+ 31. Bxf2 Rxf2 32. Re3 Bb5+ 33. Kd4 Rf4+ 34. Ke5 Re4+ 35. Rxe4 dxe4 36. Kxe4 Rc2 0-1